| 000 | 00566cam a2200217ua 4500 | ||
|---|---|---|---|
| 001 | 11043 | ||
| 008 | 190805n ii |||gr||||Z||||||eng | ||
| 020 | _a9789387956834 | ||
| 040 | _cMAIN | ||
| 041 | _aeng | ||
| 082 | _a320.954 | ||
| 100 |
_aDeepan Das, _eAuthor. |
||
| 245 |
_aConstitutional government and democracy in India _cBy Deepan Das |
||
| 250 | _a1st ed. | ||
| 260 |
_aDibrugarh: _bBanalata, _c2019. |
||
| 300 | _a344p. | ||
| 653 | _aPolitical science | ||
| 653 | _aIndian government and politics | ||
| 700 |
_aPranjit Saikia, _eAuthor. |
||
| 942 | _cBK | ||
| 999 |
_c9948 _d9948 |
||